| 000 | 01833nam a2200385 c 4500 | ||
|---|---|---|---|
| 003 | BLK | ||
| 005 | 20250417175233.0 | ||
| 008 | 180411b bul|||||r ||||||| ||bul|| | ||
| 010 | _aKNG00198586000 | ||
| 020 |
_a978-619-150-851-8 _bиздат.: Колибри - на том(ч. 1) |
||
| 040 | _aBLK | ||
| 041 |
_aBUL _cBUL |
||
| 072 | 7 |
_2bullib _aН82 _xЛитературознание Н |
|
| 080 |
_aБългарска литература _b821.163.2 _x(091)(075.8) _z821.163.2(091)(075.8) |
||
| 100 |
_aКирова, Милена Георгиева _9251220 |
||
| 139 |
_aКирова, Милена Георгиева _bК 59 |
||
| 245 | 1 | 0 |
_aБългарска литература _bУнив. курс лекции : Ч. 1 - _cМилена Георгиева Кирова. _nЧ. 1 _pОт Освобождението до Първата световна война |
| 257 | _aBGR | ||
| 260 |
_аСофия _c2016 - _fСофия : Инвестпрес |
||
| 300 | _c22 см | ||
| 380 | _a82 | ||
| 650 | 4 |
_aБългарска литература, 1878-1944 г.- история _9286835 |
|
| 651 | 4 |
_aБългария _9241624 |
|
| 653 | _aбългарска литература | ||
| 653 | _aистория на литературата | ||
| 653 | _aучебници за ВУЗ | ||
| 659 | _aН | ||
| 760 | 1 |
_3- на том(ч. 1) _aКирова, Милена Георгиева _dКолибри, 2016 _h405 с. : с ил. _nБиблиогр. след отд. материали. _tЧ. 1 От Освобождението до Първата световна война |
|
| 852 | _aЦб 283725 | ||
| 856 | 4 |
_qpdf _u |
|
| 856 | 4 |
_qpdf _u |
|
| 942 |
_cKNG _n0 _018 |
||
| 944 |
_aCR _c19.12.2016 _lЦветомила Тодорова _k30576 |
||
| 944 |
_aED _c13.09.2017 _lф / _kПенка_Димитрова |
||
| 999 |
_c189542 _d189542 |
||